Mr. B APUSH Summer Work Quiz Stats

 Plays Quiz not verified by Sporcle

Challenge
Share
Tweet
Score 0/88 Timer 10:00
0 Plays Today
% Correct
Texas
69%
Georgia
65.5%
Gulf of Mexico
58.6%
Kansas
55.2%
Minnesota
55.2%
New Mexico
55.2%
North Dakota
55.2%
West Virginia
55.2%
Arizona
51.7%
California
51.7%
Florida
51.7%
Idaho
51.7%
New Jersey
51.7%
Oklahoma
51.7%
Utah
51.7%
Virginia
51.7%
Alabama
48.3%
Arkansas
48.3%
Colorado
48.3%
Louisiana
48.3%
Mississippi
48.3%
Nevada
48.3%
Ohio
48.3%
South Carolina
48.3%
Tennessee
48.3%
Vermont
48.3%
Iowa
44.8%
Maine
44.8%
Missouri
44.8%
North Carolina
44.8%
% Correct
Oregon
44.8%
South Dakota
44.8%
Connecticut
41.4%
Massachusetts
41.4%
Montana
41.4%
New Hampshire
41.4%
New York
41.4%
Pennsylvania
41.4%
Washington
41.4%
Wyoming
41.4%
Lake Michigan
41.4%
San Francisco Bay
41.4%
Illinois
37.9%
Michigan
37.9%
Nebraska
37.9%
Rhode Island
37.9%
Wisconsin
37.9%
New Orleans
37.9%
Kentucky
34.5%
Maryland
34.5%
Houston
34.5%
Charleston
34.5%
Indiana
31%
Lake Erie
31%
Long Island Sound
31%
Lake Ontario
27.6%
Chesapeake Bay
27.6%
Boston
27.6%
Lake Huron
24.1%
Delaware
24.1%
% Correct
Lake Superior
24.1%
Rio Grande River
24.1%
Miami
24.1%
Dallas
24.1%
Rocky Mountains
20.7%
Sonora Desert
20.7%
Sierra Nevada Mountains
20.7%
Puget Sound
17.2%
Great Plains
17.2%
Ohio River
13.8%
Appalachian Mountains
13.8%
Cascade Mountains
13.8%
St. Lawrence River
10.3%
Allegheny Mountains
10.3%
Baltimore
10.3%
Mississippi River
6.9%
New York City
6.9%
Milwaukee
6.9%
Detroit
6.9%
Pittsburgh
6.9%
Hudson River
3.4%
Chicago
3.4%
San Francisco
3.4%
Los Angeles
3.4%
Seattle
3.4%
Columbia River
0%
Portland
0%
Atlanta
0%

You're not logged in!

Compare scores with friends on all Sporcle quizzes.
Join for Free
OR
Log In

You Might Also Like...

Show Comments

Extras

Created Aug 23, 2017ReportNominate
Tags:summer

Top Quizzes Today


Score Distribution

Your Account Isn't Verified!

In order to create a playlist on Sporcle, you need to verify the email address you used during registration. Go to your Sporcle Settings to finish the process.

Report this User

Report this user for behavior that violates our Community Guidelines.

Details: